| 000 | 02154nam0a2200325 4500 | ||
|---|---|---|---|
| 001 | RU\NLR\BIBL_A\012168917 | ||
| 005 | 20240921215144.0 | ||
| 010 |
_a9785788224060 _9100 |
||
| 021 |
_aRU _b2019-86484 _9КН-П-6302 |
||
| 035 | _a(RuMoRGB)010155697 | ||
| 035 | _a(NLR Aleph) 012168917 | ||
| 090 |
_a12231346 _c12231346 |
||
| 100 | _a20191220d2018 u y0rusy50 ca | ||
| 101 | 0 | _arus | |
| 102 | _aRU | ||
| 105 | _aa j 000zy | ||
| 200 | 1 |
_aТеоретические методы исследования продуктов органического синтеза _eучебное пособие _e[для магистров очной формы обучения по направлению подготовки 18.04.01 "Химическая технология"] _fА. Г. Сафиулина, Р. Г. Тагашева _gМинистерство образования и науки Российской Федерации, Федеральное государственное бюджетное образовательное учреждение высшего образования "Казанский национальный исследовательский технологический университет" |
|
| 210 |
_aКазань _cИзд-во КНИТУ _d2018 |
||
| 215 |
_a85, [2] с. _cил., табл. _d20 |
||
| 320 | _aБиблиогр.: с. 85-86 (14 назв.) | ||
| 606 | 1 |
_aОрганическая химическая технология _jУчебные издания для высших учебных заведений _xТеоретические основы _92382829 _3RU\NLR\AUTH\661421555 |
|
| 606 | 1 |
_aОрганические соединения _jУчебные издания для высших учебных заведений _xИсследование _92380150 _3RU\NLR\AUTH\6601641145 |
|
| 686 | 1 | _aЛ50-1я73-1 | |
| 686 | 1 | _aГ21я73-1 | |
| 700 | 1 |
_aСафиулина _bА. Г. _gАлия Габделфаязовна |
|
| 701 | 1 |
_aТагашева _bР. Г. _gРоза Геннадьевна |
|
| 942 | _cBOOK | ||
| 980 | _aNBR | ||